| LEADER | 01058nam a2200217 i 4500 | ||
|---|---|---|---|
| 001 | 10064359 | ||
| 003 | GR-PaULI | ||
| 005 | 20241216134103.0 | ||
| 008 | 241216s1984 gr a 1 gre d | ||
| 040 | |a GR-PaULI |b gre |c GR-PaULI |e AACR2 | ||
| 082 | 0 | 4 | |2 23 |a 788.62 |
| 100 | 1 | |a Μαζαράκη, Δέσποινα Β., |d θ. 1989 |e συγγραφέας. |9 207180 | |
| 245 | 1 | 3 | |a Το λαϊκό κλαρίνο στην Ελλάδα : |b με είκοσι μουσικά παραδείγματα / |c Δέσποινα Μαζαράκη ; πρόλογος του Samuel Baud - Bovy. |
| 250 | |a 2η έκδ. | ||
| 260 | |a Αθήνα : |b Κέδρος, |c 1984. | ||
| 300 | |a 152 σ. : |b εικ. ; |c 29 εκ. | ||
| 504 | |a Περιλαμβάνει βιβλιογραφία και ευρετήριο. | ||
| 650 | 4 | |a Κλαρινέτο |z Ελλάδα. |9 207181 | |
| 942 | |2 ddc |c BK | ||
| 952 | |0 0 |1 0 |2 ddc |4 0 |6 788_620000000000000_ΜΑΖ |7 0 |9 385808 |a LISP |b LISP |c DON |d 2024-12-16 |e ΠΑΝ |i 094701 |l 0 |o 788.62 ΜΑΖ |p 025000165275 |r 2024-12-16 13:29:45 |t 1 |w 0000-00-00 |y BK15 | ||
| 999 | |c 224038 |d 224038 | ||